Catalog

Record Details

Catalog Search



Particle Detection with Drift Chambers Cover Image E-book E-book

Particle Detection with Drift Chambers [electronic resource] / by Luigi Rolandi, Werner Riegler, Walter Blum.

Rolandi, Luigi. (author.). Riegler, Werner. (author.). Blum, Walter. (author.). SpringerLink (Online service) (Added Author).

Record details

  • ISBN: 9783540766841
  • Physical Description: online resource.
  • Publisher: Berlin, Heidelberg : Springer Berlin Heidelberg, 2008.
Subject: Physics.
Weights and measures.
Particle acceleration.
Electronics.
Nuclear engineering.
Physics.
Electronics and Microelectronics, Instrumentation.
Nuclear Engineering.
Measurement Science, Instrumentation.
Particle Acceleration and Detection, Beam Physics.

Electronic resources


LDR 01664nam a22004335i 4500
00135216
003CONS
00520131220115351.0
007cr nn 008mamaa
008100301s2008 gw | s |||| 0|eng d
020 . ‡a9783540766841 ‡9978-3-540-76684-1
0247 . ‡a10.1007/978-3-540-76684-1 ‡2doi
035 . ‡a(DE-He213)978-3-540-76684-1
1001 . ‡aRolandi, Luigi. ‡eauthor.
24510. ‡aParticle Detection with Drift Chambers ‡h[electronic resource] / ‡cby Luigi Rolandi, Werner Riegler, Walter Blum.
264 1. ‡aBerlin, Heidelberg : ‡bSpringer Berlin Heidelberg, ‡c2008.
300 . ‡bonline resource.
336 . ‡atext ‡btxt ‡2rdacontent
337 . ‡acomputer ‡bc ‡2rdamedia
338 . ‡aonline resource ‡bcr ‡2rdacarrier
347 . ‡atext file ‡bPDF ‡2rda
4901 . ‡aParticle Acceleration and Detection, ‡x1611-1052 ; ‡v0
650 0. ‡aPhysics.
650 0. ‡aWeights and measures.
650 0. ‡aParticle acceleration.
650 0. ‡aElectronics.
650 0. ‡aNuclear engineering.
65014. ‡aPhysics.
65024. ‡aElectronics and Microelectronics, Instrumentation.
65024. ‡aNuclear Engineering.
65024. ‡aMeasurement Science, Instrumentation.
65024. ‡aParticle Acceleration and Detection, Beam Physics.
7001 . ‡aRiegler, Werner. ‡eauthor.
7001 . ‡aBlum, Walter. ‡eauthor.
7102 . ‡aSpringerLink (Online service)
7730 . ‡tSpringer eBooks
77608. ‡iPrinted edition: ‡z9783540766834
830 0. ‡aParticle Acceleration and Detection, ‡x1611-1052 ; ‡v0
85640. ‡uhttp://biblioteca.ipicyt.edu.mx:2048/login?url=http://dx.doi.org/10.1007/978-3-540-76684-1 ‡yTexto completo ‡9CONS
950 . ‡aPhysics and Astronomy (Springer-11651)
901 . ‡a35216 ‡b ‡c35216 ‡tbiblio ‡sSystem Local

Additional Resources